Library Catalog

Eat well, feel well : (Record no. 492651)

MARC details
000 -LEADER
fixed length control field 00896nam a22002657a 4500
003 - CONTROL NUMBER IDENTIFIER
control field OSt
005 - DATE AND TIME OF LATEST TRANSACTION
control field 20260511103955.0
008 - FIXED-LENGTH DATA ELEMENTS--GENERAL INFORMATION
fixed length control field 260511b |||||||| |||| 00| 0 eng d
020 ## - INTERNATIONAL STANDARD BOOK NUMBER
International Standard Book Number 9781848993839
040 ## - CATALOGING SOURCE
Original cataloging agency Kenya National Library Service
Description conventions rda
082 ## - DEWEY DECIMAL CLASSIFICATION NUMBER
Classification number 613.2 BER
100 ## - MAIN ENTRY--PERSONAL NAME
Personal name Bertemeus, Paula
Relator term author
245 ## - TITLE STATEMENT
Title Eat well, feel well :
Remainder of title the top 200 foods to make you feel good /
Statement of responsibility, etc. Paula Bartimeus, Sarah Merson, Sarah owen, Anna Selby and Janet Wright
300 ## - PHYSICAL DESCRIPTION
Extent 288 pages :
Other physical details colour illustrations ;
Dimensions 18 cm
504 ## - BIBLIOGRAPHY, ETC. NOTE
Bibliography, etc. note Includes index
650 ## - SUBJECT ADDED ENTRY--TOPICAL TERM
Topical term or geographic name entry element Diet therapy
650 ## - SUBJECT ADDED ENTRY--TOPICAL TERM
Topical term or geographic name entry element Health
Form subdivision Nutritional aspect
700 ## - ADDED ENTRY--PERSONAL NAME
Personal name Merson, Sarah
Relator term author
700 ## - ADDED ENTRY--PERSONAL NAME
Personal name Owen, Sarah
Relator term author
700 ## - ADDED ENTRY--PERSONAL NAME
Personal name Selby , Anna
Relator term author
700 ## - ADDED ENTRY--PERSONAL NAME
Personal name Wrigt, Janet
Relator term author
942 ## - ADDED ENTRY ELEMENTS (KOHA)
Source of classification or shelving scheme Dewey Decimal Classification
Koha item type Books
Suppress in OPAC No

No items available.

© 2025, Kenya National Library Service | Designed & Maintained by Uvumbuzi Center